2e sonate pour violon et piano /

Hlavní autor: Milhaud, Darius, 1892-1974
Jazyk: Nelze použít, není lingvistický obsah
Vydáno: Paris : Durand, 1919
Fyzický popis: 8, 25 s.
Hudebniny Hudebniny
Uloženo v:
LEADER 00670ncm a22002052a 4500
001 000161799
003 CZ BrMZK
005 20121010115045.0
007 qu
008 960101s1919 fr f zxx d
040 |a BOA001  |b cze 
072 7 |a 787  |x Hudba pro strunné a smyčcové nástroje  |2 Konspekt  |9 9 
100 1 |a Milhaud, Darius,  |d 1892-1974  |7 jn19990005716  |4 cmp 
245 1 0 |a 2e sonate  |h [hudebnina] :  |b pour violon et piano /  |c Darius Milhaud 
260 |a Paris :  |b Durand,  |c 1919 
300 |a 8, 25 s. 
910 |a BOA001  |b Mus4-0569.676 
990 |a MU 
991 |b 201210 
996 6 |b 2619933128  |c Mus4-0569.676  |l MZK  |r Sklad / do 1 hodiny  |n 5  |w 000161799  |u 000010  |a 1  |e BOA001  |j MZK50  |s P